Lập trình ứng dụng chuyên nghiệp SQL Sever 2000

Nội dung giới thiệu tổng quan về XML. Tích hợp XML, vào SQL server 2000, tìm hiểu trình BCP. Giới thiệu DTS dât transformation server, bản sao dữ liệu. SQL server 200 - thiết kế cơ sở dữ liệu...

Enregistré dans:
Détails bibliographiques
Auteur principal: Phạm, Hữu Khang
Format: Livre
Langue:Undetermined
Publié: Hà Nội Lao động - Xã hội 2003
Sujets:
Tags: Ajouter un tag
Pas de tags, Soyez le premier à ajouter un tag!
Thư viện lưu trữ: Trung tâm Học liệu Trường Đại học Cần Thơ
LEADER 00902nam a2200205Ia 4500
001 CTU_112320
008 210402s9999 xx 000 0 und d
020 |c 58000 
082 |a 005.7585 
082 |b Kh106/T.2 
100 |a Phạm, Hữu Khang 
245 0 |a Lập trình ứng dụng chuyên nghiệp SQL Sever 2000 
245 0 |c Phạm Hữu Khang (chủ biên), Hoàng Đức Hải 
260 |a Hà Nội 
260 |b Lao động - Xã hội 
260 |c 2003 
520 |a Nội dung giới thiệu tổng quan về XML. Tích hợp XML, vào SQL server 2000, tìm hiểu trình BCP. Giới thiệu DTS dât transformation server, bản sao dữ liệu. SQL server 200 - thiết kế cơ sở dữ liệu... 
650 |a Máy chủ SQL,SQL server 
904 |i Minh 
980 |a Trung tâm Học liệu Trường Đại học Cần Thơ